|
|
|
|
| LEADER |
01205nam a2200265 a 4500 |
| 001 |
4042287 |
| 008 |
100523r20021997enk b 000 1 eng d |
| 010 |
|
|
|a \\\98175040
|
| 020 |
|
|
|a 0521575052
|
| 040 |
|
|
|a DLC
|c DLC
|d DLC
|d BD-DhAAL
|
| 082 |
0 |
0 |
|a 823/.912
|2 21
|
| 100 |
1 |
|
|a Lawrence, D. H.
|q (David Herbert),
|d 1885-1930.
|
| 240 |
1 |
0 |
|a Short stories.
|k Selections
|
| 245 |
1 |
0 |
|a Selected short stories /
|c D.H. Lawrence ; edited by Michael Lockwood.
|
| 260 |
|
|
|a Cambridge, U.K. ;
|a New York :
|b Cambridge University Press,
|c 1997.
|
| 300 |
|
|
|a 336 p. ;
|c 20 cm.
|
| 490 |
0 |
|
|a Cambridge literature
|
| 504 |
|
|
|a Includes bibliographical references (p. 331-333).
|
| 541 |
1 |
|
|e 00020279
|
| 651 |
|
0 |
|a England
|x Social life and customs
|y 20th century
|x Fiction.
|
| 700 |
1 |
|
|a Lockwood, M. J.,
|d 1950-
|
| 852 |
4 |
|
|a Ayesha Abed Library
|j General Shelf
|
| 999 |
|
|
|c 8680
|d 8680
|
| 952 |
|
|
|0 0
|1 4
|2 ddc
|4 0
|6 823_912000000000000_LAW
|7 0
|9 10441
|a BRACUL
|b BRACUL
|c GEN
|d 2010-05-24
|l 0
|o 823.912 LAW
|p 3010020279
|r 2010-05-24
|t 2
|w 2010-05-24
|y BK
|x Koha Inventory 2020
|
| 952 |
|
|
|0 0
|1 0
|2 ddc
|4 0
|6 823_912000000000000_LAW_1997
|7 0
|9 10442
|a BRACUL
|b BRACUL
|c GEN
|d 2010-05-24
|l 18
|m 141
|o 823.912 LAW
|p 3010020276
|r 2025-08-11
|s 2024-12-07
|t 1
|w 2010-05-24
|y BK
|